Регионална библиотека "Любен Каравелов" - Русе

Психология на личността, колектива и труда (Запис номер 136774)

MARC детайли
000 -Лидер
Контролно поле с фиксирана дължина 01502nam a2200313 c 4500
003 - Код на организацията, давaща контролен номер
Контролно поле BLK
005 - Дата и час на последна редакция
Контролно поле 20181004120940.0
008 - Елементи от данни с фиксирана дължина
fixed length control field 180409b bul|||||r ||||||| ||bul||
010 ## - Наследен системен номер
LC control number KNG00142730000
040 ## - Източник на каталожния запис
Идентификатор на билиотеката - собственик на записа BLK
041 ## - Код за език
Код за езика на текст/звукозапис или на отделно заглавие Български
Код за езика КДБФ Български
080 ## - УДК
Текстов определител УДК Развитие на психиката и способностите. Сравнителна психология
УДК код - определител по УДК 159.92
УДК определител
УДК - код + определител 159.92
139 ## - Редно поле
Редна дума Психология на личността, колектива и труда
Авторски знак Прот - П 92
245 10 - Сведения за заглавието
Заглавие Психология на личността, колектива и труда
Подзаглавни данни Сб. изследвания
Редно поле (дума) отг. ред. Здрава Иванова.
257 ## - Страна на издаване
Страна на създаване/издаване България
260 ## - Област на издателските данни
-- София
Име на издателя, разпространителя и проч. БАН
Година на издаване 1984
300 ## - Физическа характеристика
Страници 222 с.
Размери/Мащаб 21 см
380 ## - Жанр
Жанр Философия
500 ## - Общи забележки
Забележка Изд. на БАН. Центр. лаб. по психология. - 700 тир. - Съдържа разделите : Психична регулация на поведението в общ и възрастов аспект ; Формиране на личността в труда и общуването.
650 #4 - Допълнително описание по предмет – тема
Основно описание – тема или топоним Психология
9 (RLIN) 168332
653 ## - Ключова дума – ненормативна
Ключова дума психология
653 ## - Ключова дума – ненормативна
Ключова дума личност
700 1# - Други автори (авторска отговорност)
Лично име Иванова, Здрава
Автороска отговорност (Описва отношението между автора и произведението) отг. ред.
9 (RLIN) 325517
852 ## - Местоположение
Форматна сигнатура Цб 125540
856 4# - Електронен адрес и достъп
Електронен формат pdf - файл
Път до файла /url/
856 4# - Електронен адрес и достъп
Електронен формат pdf - файл
Път до файла /url/
942 ## - АРТИКУЛИ
Вид на библиотечния материал Книги
Скрит в OPAC Не
Koha issues (borrowed), all copies 1
944 ## - СЪЗДАВАНЕ И РЕДАКЦИЯ на ЗАПИСА
Създаване/Редакция Създаване
Дата на регистрацията/редакция 15.05.2013
Статус, дата на статуса 15.05.2013 - от С1,Р / 15.05.2013
Служител, извършил регистрацията/редакцията Грета_Цуфелде
944 ## - СЪЗДАВАНЕ И РЕДАКЦИЯ на ЗАПИСА
Създаване/Редакция Редакция
Дата на регистрацията/редакция 15.05.2013
Статус, дата на статуса 15.05.2013 - от С1,Р / 15.05.2013
Служител, извършил регистрацията/редакцията
999 ## - СИСТЕМНИ КОНТРОЛНИ НОМЕРА
Koha biblionumber 136774
Koha biblioitemnumber 136774
Наличности
Код за отписване Код за изгубен артикул Източник на класификационната схема Код за повреда Коз за рестрикции Код за отдаване Артикулен № Име на библиотеката - собственик Име на библиотеката, в която се намира в момента Статус (Текущо местоположение) Дата на вписване в системата Местоположение - отдел Цена в лева Инвентарен номер Систематично азбучна сигнатура Баркод Номер на екземпляра Цена в евро Служебна бележка Служебен тип на артикула
  Не е изгубен Universal Decimal Classification Не е повреден без рестрикции ползва се в читалня 223658 Регионална библиотека "Любен Каравелов" Русе Регионална библиотека "Любен Каравелов" Русе Хранилище 1984-01-01 Хранилище 2.70 402397 Цб 125540 900000012704 1 1.38 N: стар фонд Дата: 01.01.1984 Книги
Изтеглен Не е изгубен Universal Decimal Classification Не е повреден без рестрикции заемане за дома 223659 Регионална библиотека "Любен Каравелов" Русе Регионална библиотека "Любен Каравелов" Русе Заемна - подръчен фонд 1984-01-01 Заемна - подръчен фонд 2.70 442621 П 159.92/П 92 442621 2 1.38 N: стар фонд Дата: 01.01.1984 Дата инв: 01.02.2018 Бележки инв: П2018 Книги
Vip Innovations Ltd, Rousse, Bulgaria 2025